000 00768nam a2200265Ia 4500
003 OSt
005 20221007121839.0
006 a|||||r|||| 00| 0
007 ta
008 221006b |||||||| |||| 00| 0 eng d
020 _a3527301984 (hbd)
024 _a1761
037 _cTextual
040 _aBDL
_cBDL
_beng
041 _2eng
_aeng
082 _aG:19, P3 Carb
100 _aHoppert Michael
_9514598
245 0 _aMicroscopic techniques in biotechnology
260 _aWeinheim
_bWiley-VCH Verlag GmbH&Co.KGaA
_c2003
300 _axii, 330p.
_ccm.
500 _aIncludes bibliographical references; Index 321-330p
650 _aMicroscopy
942 _hG:19, P3 Carb
_cTEXL
_2CC
999 _c1209428
_d1209428